000 00667nam a2200265Ia 4500
005 20260121170001.0
008 008 260114s9999 xx 000 0 eng d
020 _a9783319146638
037 _aEBOOK
040 _aCRL
040 _beng
040 _cCRL
041 _2eng
041 _aeng
084 _qCRL
100 _aParimita Mohanty, Tariq Muneer, Mohan Kolhe
_91058404
245 0 _aSolar Photovoltaic System Applications
260 _bSpringer
260 _bSpringer
260 _c2016
856 _uhttps://link.springer.com/openurl?genre=book&isbn=978-3-319-14663-8
942 _cEBOOK
999 _c1624133
_d1624133